ការដឹកជញ្ចូនផល-អនុផលព្រៃាំឈើ នៅកម្ពុជា; (Record no. 3068)

000 -LEADER
fixed length control field 00502nam a22001577a 4500
003 - CONTROL NUMBER IDENTIFIER
control field OSt
005 - DATE AND TIME OF LATEST TRANSACTION
control field 20151103154825.0
008 - FIXED-LENGTH DATA ELEMENTS--GENERAL INFORMATION
fixed length control field 151103b xxu||||| |||| 00| 0 eng d
040 ## - CATALOGING SOURCE
Transcribing agency RUA
082 ## - DEWEY DECIMAL CLASSIFICATION NUMBER
Classification number FOR ព្រាប​ 1993 B119 Or.1
100 ## - MAIN ENTRY--PERSONAL NAME
9 (RLIN) 3286
Personal name ព្រាប សំ​
245 ## - TITLE STATEMENT
Title ការដឹកជញ្ចូនផល-អនុផលព្រៃាំឈើ នៅកម្ពុជា;
260 ## - PUBLICATION, DISTRIBUTION, ETC. (IMPRINT)
Place of publication, distribution, etc. Phnom Penh
Name of publisher, distributor, etc. RUA
Date of publication, distribution, etc. 1993
300 ## - PHYSICAL DESCRIPTION
Extent 105p.
Other physical details ill.
Dimensions 29cm.
942 ## - ADDED ENTRY ELEMENTS (KOHA)
Source of classification or shelving scheme
Koha item type FOR
Holdings
Price effective from Date last seen Permanent Location Not for loan Date acquired Source of classification or shelving scheme Koha item type Barcode Lost status Damaged status Shelving location Withdrawn status Current Location Full call number
2015-11-032017-08-02Library Block B 2015-11-03 FORRUA026363  B119 Library Block BFOR ព្រាប​ 1993 B119 Or.1
2015-11-032015-11-03Library Block B 2015-11-03 FORRUA026291  B119 Library Block BFOR ព្រាប​ 1993 B119 Or.2
2015-11-032015-11-03Library Block B 2015-11-03 FORRUA026075  B119 Library Block BFOR ព្រាប​ 1993 B119 Or.3
2015-11-032015-11-03Library Block B 2015-11-03 FORRUA026082  B119 Library Block BFOR ព្រាប​ 1993 B119 Or.4
មជ្ឈមណ្ឌលឯការនៃសាកលវិទ្យាល័យភូមិន្ទកសិកម្មចំការដូង

Powered by Koha